Une lettre suffit pour répondre juste #60 (attention 10 lettres tuent) - Statistiques

Statistiques générales
  • Ce quiz a été pris 71 fois
  • Le résultat moyen est 3 sur 6
Statistiques - réponses
Hint Réponse % Correct
Donne une des 5 lettres qui complète les paroles du début de la chanson "Le Sud" de Nino Ferrer
C'est un endroit
Qui ressemble à la Louisiane
À l'Italie
Il y a du ?????
Étendu sur la terrasse
Et c'est joli
LINGE
100%
Donne une des 4 lettres de l'alcool qui complète les paroles du début d'une chanson de Soldat Louis daté de 1988 :
Du ????, des femmes et d'la bière nom de dieu
Un accordéon pour valser tant qu'on veut
Du ????, des femmes, c'est ça qui rend heureux
Que l'diable nous emporte, on n'a rien trouvé d'mieux
Oh oh oh oh, on n'a rien trouvé d'mieux
RHUM
74%
Donne une des 3 lettres des initiales du nom du politique dont voici un extrait de sa carrière : - Président de la commission des Finances de l'Assemblée nationale 1988-1991 - Ministre de l'Industrie et du Commerce extérieur 1991-1993 - Maire de Sarcelles 1995-1997 - Ministre de l'Économie, des Finances et de l'Industrie 1997-1999 - Directeur général du Fonds monétaire international 2007-2011 DSK
53%
Donne une des 2 consonnes dans le titre de 4 lettres du film d'horreur de 1983 en extrait (qui est une adaptation du roman du même titre de Stephen King) :
CJ (CUJO)
19%
Donne la lettre qui complète cette formule sur une conversion de température : (0 °C × 9/5) + 32 = 32 °? F (Fahrenheit)
11%
Donne la lettre qui prononcé à haute voix désigne à la fois une absence d'agitation, de bruit et en argot un éclat, un tapage P (Paix / Pet)
5%
Aucun quiz correspondant
Distribution des résultats
% des personnes avec chaque résultat
Percentile par nombre de réponses
Votre historique - résultats
Vous n’avez pas pris ce quiz